000 00434nam a2200145Ia 4500
041 _aArabic
082 _a251,6 cut-889 ز
100 _a20260118u\\\\\\\\\\\y0engy0103\\\\ba
100 _aد.مصطفى ابراهيم الزلمي
245 0 _aالمدخل لدراسة الشريعة الاسلامية في نمط جديد
250 _aط1
260 _bمطبعة شهاب
_aاربيل
_c2009
300 _a215
942 _cBk
999 _c189093
_d189093